Lana Del Rey - Venice B*tch (all lyrics) - Statistics

General Stats
  • This quiz has been taken 120 times
    102 since last reset
  • The average score is 334 of 435
Answer Stats
Lyrics % Correct
i
100%
you.
100%
you
100%
it
99%
it's
99%
me
99%
your
99%
be
98%
bitch.
98%
lips.
98%
little
98%
on
98%
venice
98%
my
96%
God,
95%
miss
95%
of
95%
oh
94%
oh,
94%
the
94%
and
93%
bang
93%
bang,
93%
kiss
93%
kiss.
93%
in
90%
love,
90%
love
90%
love.
90%
with
90%
no
89%
out
89%
out,
89%
to
89%
for
88%
we
88%
you're
88%
we're
87%
i'm
86%
kids.
86%
fresh
85%
forever.
82%
fucks
81%
beautiful
77%
like
77%
american-made.
75%
neighborhood
75%
callin'
74%
ice
74%
jeans
74%
make
74%
cream,
73%
dream
73%
dream,
73%
fear
73%
insane.
73%
leather.
73%
queen
73%
rockwell,
73%
fun,
71%
norman
71%
away.
70%
fades
70%
just
70%
stronger
70%
can
69%
fire.
69%
stay.
69%
stoop
69%
tryin'
69%
work.
69%
summer
68%
as
67%
if
67%
mine,
67%
light
65%
now.
65%
now
65%
jealous
64%
one
64%
because
63%
i'd
63%
off,
63%
sweet
63%
tour,
63%
baby
62%
clover.
62%
clover,
62%
high
62%
myself,
62%
nothing
62%
weren't
62%
write,
62%
blue.
61%
crimson
61%
diamonds.
61%
gold
61%
older.
61%
want
61%
getting
60%
garden.
58%
happy
58%
honey.
58%
life,
58%
lover.
58%
back
56%
back,
56%
yard,
55%
over.
54%
over
54%
over,
54%
soundin'
54%
under
52%
our
51%
give
49%
live
49%
paint
49%
yeah
49%
yeah,
49%
yeah.
49%
covers.
48%
him
45%
touch
45%
whatever,
44%
whatever.
44%
come,
42%
come
42%
fingertips.
42%
hallmark.
42%
should
42%
stream,
42%
losers,
40%
losers
40%
losers.
40%
ah,
39%
ah.
39%
ah
39%
everything,
39%
hype
39%
la-la-la-la-la-la,
37%
hanging
36%
around
35%
town
33%
we'll
33%
shatter
26%
shatter,
26%
shatter.
26%
heard
24%
baby's
23%
neighboorhood
8%
No matching quizzes found
Score Distribution
Percent of People with Each Score
Percentile by Number Answered
Your Score History
You have not taken this quiz since the last reset